Diseño de estructura de pavimento rígido y drenaje menor de 1000 metros lineales de calles, del barrio Santo Domingo, ubicado en el municipio de Estelí, por el método de AASHTO-93
En el presente documento se pretende ejecutar un proyecto de diseño de estructura de pavimento rígido en calles del barrio Santo Domingo Estelí, utilizando el método de AASHTO-93, además el diseño deberá cumplir con los criterios y especificaciones de la Nic-2000, al ejecutar este proyecto se...
| Main Authors: | , |
|---|---|
| Other Authors: | |
| Format: | Tesis Section = Libro |
| Language: | Undetermined Spanish |
| Published: |
Managua
UNI/RUACS
2018
|
| Subjects: |
| LEADER | 01481nam a2200277Ia 4500 | ||
|---|---|---|---|
| 008 | 240830s9999 xx 000 0 und d | ||
| 040 | |a BIBLIOTECA-RUPAP Mon 625.85 V146 | ||
| 041 | |a spa | ||
| 082 | |a Mon 625.85 V146 | ||
| 100 | 1 | |a Valdivia Castillo, Kiara Isamar | |
| 100 | 1 | |b Parrales Mendoza, Elianys Ismariel | |
| 245 | 1 | 0 | |a Diseño de estructura de pavimento rígido y drenaje menor de 1000 metros lineales de calles, del barrio Santo Domingo, ubicado en el municipio de Estelí, por el método de AASHTO-93 |
| 260 | |a Managua |b UNI/RUACS |c 2018 | ||
| 300 | |a 107p. :il. | ||
| 500 | |a Contiene: anexos y CD. | ||
| 502 | |a Tesis (Ingeniero Civil)- UNI, 2018. | ||
| 520 | 3 | |a En el presente documento se pretende ejecutar un proyecto de diseño de estructura de pavimento rígido en calles del barrio Santo Domingo Estelí, utilizando el método de AASHTO-93, además el diseño deberá cumplir con los criterios y especificaciones de la Nic-2000, al ejecutar este proyecto se estará contribuyendo a crear las condiciones necesarias para mejorar el desarrollo económico de la población, y se facilitará la circulación vehicular y peatonal de la población. | |
| 650 | 7 | |a PAVIMENTOS | |
| 650 | 7 | |b PAVIMENTOS DE HORMIGON | |
| 650 | 7 | |c CONSTRUCCION DE HORMIGON | |
| 650 | 7 | |d DISEÑO DE ESTRUCTURAS DE PAVIMENTOS | |
| 650 | 7 | |e CALLES- DISEÑO Y CONSTRUCCION | |
| 700 | 1 | |a Tutor: |b Sierra Mercado, Jimmy | |
| 942 | |c BK |2 ddc | ||
| 991 | |a TESIS | ||
| 999 | |c 16159 | ||